Every Song by McFly - Statistics

General Stats
  • This quiz has been taken 18 times
  • The average score is 48 of 115
Answer Stats
Album Song % Correct
Above the Noise(2010) Party Girl
92%
Wonderland(2005) All About You
85%
Room on the 3rd Floor(2004) Five Colours in Her Hair
85%
Wonderland(2005) I'll Be OK
77%
Radio:ACTIVE(2008) Lies
77%
Above the Noise(2010) Shine a Light
77%
Motion in the Ocean(2006) Star Girl
77%
Young Dumb Thrills(2020) Young Dumb Thrills
77%
Radio:ACTIVE(2008) Corrupted
69%
Young Dumb Thrills(2020) Happiness
69%
Above the Noise(2010) I Need a Woman
69%
Room on the 3rd Floor(2004) Obviously
69%
Motion in the Ocean(2006) Please, Please
69%
The Lost Songs(2020) Red
69%
Room on the 3rd Floor(2004) Room on the Third Floor
69%
Room on the 3rd Floor(Bonus)(2004) Surfer Babe
69%
Room on the 3rd Floor(2004) That Girl
69%
Radio:ACTIVE(2008) The End
69%
Motion in the Ocean(2006) Transylvania
69%
Room on the 3rd Floor(Bonus)(2004) Broccoli
62%
Motion in the Ocean(2006) Friday Night
62%
Non-Album(2013) Love Is on the Radio
62%
Radio:ACTIVE(2008) One for the Radio
62%
Radio:ACTIVE(2008) POV
62%
Room on the 3rd Floor(2004) Saturday Night
62%
Wonderland(2005) The Ballad of Paul K
62%
Wonderland(2005) Ultraviolet
62%
Above the Noise(2010) End of the World
54%
Radio:ACTIVE(2008) Everybody Knows
54%
Power to Play(2023) Land of the Bees
54%
Motion in the Ocean(2006) Little Joanna
54%
Memory Lane: The Best of McFly(2012) Love Is Easy
54%
Wonderland(2005) Memory Lane
54%
Wonderland(2005) She Falls Asleep - Part 1
54%
Wonderland(2005) She Falls Asleep - Part 2
54%
Motion in the Ocean(Bonus)(2006) Silence Is a Scary Sound
54%
Motion in the Ocean(2006) Sorry's Not Good Enough
54%
All the Greatest Hits(2007) The Heart Never Lies
54%
Power to Play(2023) Where Did All the Guitars Go?
54%
Power to Play(Bonus)(2023) Broken by You
46%
Above the Noise(2010) Foolish
46%
Power to Play(2023) Forever's Not Enough
46%
Power to Play(2023) God of Rock & Roll
46%
Above the Noise(2010) I'll Be Your Man
46%
Power to Play(2023) I'm Fine
46%
Wonderland(2005) I've Got You
46%
Wonderland(2005) I Wanna Hold You
46%
Room on the 3rd Floor(2004) | Room on the 3rd Floor(Bonus)(2004) Not Alone
46%
Above the Noise(2010) Nowhere Left to Run
46%
Power to Play(2023) Route 55
46%
Room on the 3rd Floor(2004) She Left Me
46%
Above the Noise(2010) That's the Truth
46%
Young Dumb Thrills(2020) Tonight Is the Night
46%
Motion in the Ocean(2006) Bubble Wrap
38%
Power to Play(2023) Crash
38%
Room on the 3rd Floor(2004) Down By the Lake
38%
Radio:ACTIVE(2008) Do Ya
38%
Young Dumb Thrills(2020) Growing Up
38%
Motion in the Ocean(2006) Home Is Where the Heart Is
38%
Power to Play(2023) Honey I'm Home
38%
Room on the 3rd Floor(2004) Hypnotised
38%
Above the Noise(2010) iF U C Kate
38%
Power to Play(2023) Shine On
38%
Radio:ACTIVE(2008) Smile
38%
Wonderland(2005) Too Close for Comfort
38%
Room on the 3rd Floor(2004) Unsaid Things
38%
Motion in the Ocean(2006) Walk in the Sun
38%
Young Dumb Thrills(2020) Another Song About Love
31%
Wonderland(2005) Don't Know Why
31%
Radio:ACTIVE(2008) Down Goes Another One
31%
Young Dumb Thrills(2020) Head Up
31%
The Lost Songs(2020) Josephine
31%
Power to Play(2023) Make It Out Alive
31%
Wonderland(2005) Nothing
31%
The Lost Songs(2020) Pretty Girls
31%
Young Dumb Thrills(2020) Sink or Sing
31%
Radio:ACTIVE(2008) The Last Song
31%
Above the Noise(2010) This Song
31%
The Lost Songs(2020) Touch the Rain
31%
The Lost Songs(2020) We Were Only Kids
31%
Young Dumb Thrills(2020) Wild and Young
31%
The Lost Songs(2020) Break Me
23%
Memory Lane: The Best of McFly(2012) Cherry Cola
23%
The Lost Songs(2020) Dare You to Move
23%
Non-Album(2021) Dragonball
23%
Radio:ACTIVE(2008) Falling in Love
23%
Power to Play(Bonus)(2023) For the Kids
23%
Room on the 3rd Floor(Hidden)(2004) Get Over You
23%
Radio:ACTIVE(2008) Going Through the Motions
23%
Young Dumb Thrills(2020) Like I Can
23%
The Lost Songs(2020) Lucky Ones
23%
Room on the 3rd Floor(2004) Met This Girl
23%
Young Dumb Thrills(2020) Not the End
23%
Radio:ACTIVE(2008) Only the Strong Survive
23%
Above the Noise(2010) Take Me There
23%
Power to Play(2023) Taking Back Tonight
23%
The Lost Songs(2020) Those Were the Days
23%
Motion in the Ocean(2006) We Are the Young
23%
Young Dumb Thrills(2020) You're Not Special
23%
The Lost Songs(2020) Corner of My Mind
15%
Memory Lane: The Best of McFly(2012) Do Watcha
15%
Memory Lane: The Best of McFly(2012) Down Down
15%
The Lost Songs(2020) Hyperion
15%
Motion in the Ocean(2006) Lonely
15%
Young Dumb Thrills(2020) Mad About You
15%
The Lost Songs(2020) Man on Fire
15%
The Lost Songs(2020) Something About You
15%
Above the Noise(Bonus)(2010) Sunny Side of the Street
15%
Wonderland(Bonus)(2005) Easy Way Out
8%
Above the Noise(Bonus)(2010) Hotel on a Hill
8%
Memory Lane: The Best of McFly(2012) Ignorance
8%
Memory Lane: The Best of McFly(2012) Mess Around You
8%
The Greatest Bits: B-Sides & Rarities(2007) No Worries
8%
The Greatest Bits: B-Sides & Rarities(2007) The Guy Who Turned Her Down
8%
No matching quizzes found
Score Distribution
Percent of People with Each Score
Percentile by Number Answered
Your Score History
You have not taken this quiz